000
00284nam a22001337a 4500
008
170607b xxu||||| |||| 00| 0 eng d
020
_a
9780801480690
041
_a
eng
080
_a
32
100
_a
18
101
_a
SHP
245
_a
POLAR POLITICS
_c
YOUNG.O.R
942
_2
udc
_c
BK
999
_c
16268
_d
16268